NBA 2k21 all-time Orlando Magic - Statistics

General Stats
  • This quiz has been taken 123 times
  • The average score is 9 of 15
Answer Stats
Overall Player % Correct
93 Shaquille O'Neal
99%
93 Dwight Howard
96%
95 Penny Hardaway
93%
95 Tracy McGrady
87%
86 Nikola Vucevic
65%
86 Grant Hill
61%
85 Nick Anderson
57%
84 Horace Grant
54%
86 Hedo Turkoglu
52%
83 Jameer Nelson
51%
86 Rashard Lewis
51%
84 Dennis Scott
42%
85 Scott Skiles
41%
82 Darrell Armstrong
27%
85 Steve Francis
21%
No matching quizzes found
Score Distribution
Percent of People with Each Score
Percentile by Number Answered
Your Score History
You have not taken this quiz